000 00293nam a2200145Ia 4500
100 _aDilascia/ Paul
942 _cBK
654 _aWindows ++
245 _aWindows ++
260 _bAddison Wesly
_aReading
_c1992
082 _a5.43
_bDIL
300 _a571
546 _aENGLISH
999 _c22860
_d22860